[Event "Essex league"]
[Site "?"]
[Date "1977.03.07"]
[Round "?"]
[White "Woolverton, H."]
[Black "Stebbings, A."]
[Result "1/2-1/2"]
[WhiteElo "2040"]
[BlackElo "2160"]
[PlyCount "66"]
[EventDate "1977.??.??"]

1. d4 Nf6 2. Nf3 g6 3. c4 Bg7 4. Nc3 d5 5. Bf4 O-O 6. e3 c5 7. dxc5 Ne4 8. Be5
Nxc3 9. Bxc3 Bxc3+ 10. bxc3 Qa5 11. Qb3 dxc4 12. Bxc4 Qxc5 13. Rd1 Nd7 14. O-O
Nb6 15. Be2 Be6 16. c4 Rac8 17. Rd4 Rc7 18. Nd2 Rfc8 19. Rd1 Qa5 20. h3 Na4 21.
Qa3 Qa6 22. Bf1 Nc5 23. Qb2 Qa4 24. Ne4 f6 25. Nxc5 Rxc5 26. Rd8+ Kf7 27. Rxc8
Rxc8 28. Qb3 Qc6 29. Rd4 b6 30. Qd3 Bf5 31. e4 Be6 32. f4 Qc5 33. Kh2 Kg7
1/2-1/2

[Event "National Club ch."]
[Site "?"]
[Date "1977.03.13"]
[Round "?"]
[White "Singleton, M."]
[Black "Stebbings, A."]
[Result "1-0"]
[WhiteElo "1984"]
[BlackElo "2160"]
[PlyCount "59"]
[EventDate "1977.??.??"]

1. d4 Nf6 2. c4 g6 3. Nc3 d5 4. f3 Bg7 5. e4 dxe4 6. fxe4 e5 7. d5 O-O 8. Be2
c5 9. Bg5 h6 10. Be3 Na6 11. Qd2 Ne8 12. h4 h5 13. g4 hxg4 14. h5 f5 15. Bg5
Bf6 16. Bh6 Ng7 17. hxg6 f4 18. O-O-O Qe8 19. d6 Be6 20. Bxg7 Bxg7 21. Nd5 Bf6
22. Bxg4 Bxg4 23. Nxf6+ Rxf6 24. Rh8+ Kg7 25. Rxe8 Rxe8 26. Ne2 Rd8 27. Qd5
Bxe2 28. Qxb7+ Kxg6 29. Rg1+ Kh5 30. Qh7+ 1-0

[Event "County match"]
[Site "?"]
[Date "1977.03.26"]
[Round "?"]
[White "Stebbings, A."]
[Black "Stockwell, R."]
[Result "1-0"]
[WhiteElo "2160"]
[BlackElo "2144"]
[PlyCount "59"]
[EventDate "1977.??.??"]

1. d4 Nf6 2. c4 e6 3. Nc3 d5 4. cxd5 exd5 5. Bg5 Nbd7 6. e3 c6 7. Bd3 Be7 8.
Qc2 Nh5 9. Bxe7 Qxe7 10. Nge2 g6 11. O-O O-O 12. Rab1 Ndf6 13. b4 Bg4 14. b5 c5
15. dxc5 Qxc5 16. Qb2 Bxe2 17. Bxe2 Rac8 18. Rbc1 Rfd8 19. g4 Ng7 20. Ne4 Nxe4
21. Rxc5 Rxc5 22. Qa3 Ne6 23. Qxa7 d4 24. Qxb7 Nc3 25. Bd3 dxe3 26. fxe3 Rc7
27. Qa6 Rxd3 28. b6 Rcd7 29. b7 Nc5 30. b8=Q+ 1-0

[Event "Essex league"]
[Site "?"]
[Date "1977.04.04"]
[Round "?"]
[White "Smith, IB."]
[Black "Stebbings, A."]
[Result "0-1"]
[WhiteElo "2144"]
[BlackElo "2160"]
[PlyCount "62"]
[EventDate "1977.??.??"]

1. e4 c5 2. d4 cxd4 3. c3 dxc3 4. Nxc3 Nc6 5. Nf3 d6 6. Bc4 e6 7. O-O Nge7 8.
Bg5 a6 9. Qe2 h6 10. Be3 Ng6 11. Rad1 b5 12. Bb3 Be7 13. Nd4 Nxd4 14. Bxd4 O-O
15. f4 Qc7 16. Qh5 b4 17. Ne2 Kh7 18. f5 exf5 19. exf5 Ne5 20. Rc1 Qd7 21. f6
Bxf6 22. Rxf6 gxf6 23. Bc2+ Kg7 24. Be4 Rb8 25. Be3 Ng4 26. Rxc8 Nxe3 27. Rxb8
Rxb8 28. Qf3 f5 29. Bd3 Qa7 30. Kh1 Re8 31. Ng3 Qd4 0-1

[Event "Essex league"]
[Site "?"]
[Date "1977.04.05"]
[Round "?"]
[White "Gasper, P."]
[Black "Stebbings, A."]
[Result "0-1"]
[WhiteElo "2064"]
[BlackElo "2160"]
[PlyCount "46"]
[EventDate "1977.??.??"]

1. Nf3 Nf6 2. c4 c5 3. Nc3 d5 4. cxd5 Nxd5 5. g3 Nc6 6. Bg2 Nc7 7. O-O e5 8. d3
Be7 9. Be3 O-O 10. Nd2 Bd7 11. Rc1 Rb8 12. a3 Nd4 13. f4 exf4 14. gxf4 f5 15.
b4 Re8 16. Nd5 Nxd5 17. Bxd5+ Kh8 18. Bf2 Ba4 19. Bb3 Nxb3 20. Nxb3 Qd5 21. Rb1
Bc6 22. e4 fxe4 23. dxe4 Qxe4 0-1

[Event "Tournament: Southend SCCU ch."]
[Site "?"]
[Date "1977.04.08"]
[Round "?"]
[White "Stebbings, A."]
[Black "Hannan, J."]
[Result "0-1"]
[WhiteElo "2160"]
[BlackElo "1952"]
[PlyCount "70"]
[EventDate "1977.??.??"]

1. e4 c5 2. Nf3 Nc6 3. d4 cxd4 4. Nxd4 Nf6 5. Nc3 e6 6. Ndb5 Bb4 7. a3 Bxc3+ 8.
Nxc3 d5 9. exd5 exd5 10. Bg5 O-O 11. Bd3 Re8+ 12. Ne2 Bg4 13. f3 Bh5 14. Qd2
Ne5 15. O-O Nxd3 16. Qxd3 Bg6 17. Qd2 Qb6+ 18. Nd4 Bxc2 19. Bxf6 gxf6 20. Kh1
Bg6 21. Rad1 Re7 22. h4 Rae8 23. g4 Re3 24. h5 Bd3 25. Nf5 Bxf1 26. Rxf1 d4 27.
Nxe3 dxe3 28. Qd7 Kf8 29. h6 e2 30. Re1 Qf2 31. Qd6+ Kg8 32. Qxf6 Qxe1+ 33. Kg2
Qh1+ 34. Kxh1 e1=Q+ 35. Kg2 Qe5 0-1

[Event "Tournament: Southend SCCU ch."]
[Site "?"]
[Date "1977.04.09"]
[Round "?"]
[White "Gregory, S."]
[Black "Stebbings, A."]
[Result "0-1"]
[WhiteElo "1856"]
[BlackElo "2160"]
[PlyCount "38"]
[EventDate "1977.??.??"]

1. e4 c5 2. Nf3 e6 3. d4 cxd4 4. Nxd4 Nc6 5. Be3 Nf6 6. Nd2 e5 7. N4b3 d5 8.
exd5 Nxd5 9. Be2 Nxe3 10. fxe3 Qh4+ 11. g3 Qh6 12. Nc4 Bh3 13. Bf3 Rd8 14. Qe2
Be7 15. Rd1 O-O 16. Kf2 f5 17. Rd2 f4 18. e4 fxg3+ 19. hxg3 Rxf3+ 0-1

[Event "Tournament: Southend SCCU ch."]
[Site "?"]
[Date "1977.04.09"]
[Round "?"]
[White "Stebbings, A."]
[Black "Lewis, A."]
[Result "1/2-1/2"]
[WhiteElo "2160"]
[BlackElo "1776"]
[PlyCount "60"]
[EventDate "1977.??.??"]

1. e4 c5 2. Ne2 Nc6 3. Nbc3 d6 4. d4 cxd4 5. Nxd4 Nf6 6. f4 g6 7. Nxc6 bxc6 8.
e5 dxe5 9. Qxd8+ Kxd8 10. fxe5 Ng4 11. Bf4 Bg7 12. O-O-O+ Kc7 13. Re1 Be6 14.
Na4 g5 15. Bg3 h5 16. h4 gxh4 17. Bf4 Rad8 18. Nc5 Rd4 19. Nxe6+ fxe6 20. Bd2
Bh6 21. Bxh6 Nxh6 22. Be2 Nf5 23. Bf3 Ng3 24. Rh3 Rg8 25. Re3 c5 26. Ra3 Kb6
27. c3 Rf4 28. Rb3+ Ka6 29. Ra3+ Kb6 30. Rb3+ Ka6 1/2-1/2

[Event "Tournament: Southend SCCU ch."]
[Site "?"]
[Date "1977.04.10"]
[Round "?"]
[White "Byway, P."]
[Black "Stebbings, A."]
[Result "1-0"]
[WhiteElo "2192"]
[BlackElo "2160"]
[PlyCount "125"]
[EventDate "1977.??.??"]

1. e4 c5 2. Nf3 e6 3. d4 cxd4 4. Nxd4 Nc6 5. Nc3 a6 6. Be2 Qc7 7. f4 Nxd4 8.
Qxd4 Ne7 9. Be3 b5 10. O-O-O Nc6 11. Qb6 Qxb6 12. Bxb6 f6 13. Bf3 Rb8 14. Bc7
Rb7 15. Bd6 Bxd6 16. Rxd6 Rc7 17. e5 Na5 18. exf6 gxf6 19. Re1 Nc4 20. Rd3 O-O
21. Re2 f5 22. b3 Na5 23. Red2 Rf7 24. a4 bxa4 25. Nxa4 Bb7 26. Bxb7 Nxb7 27.
Rc3 Rxc3 28. Nxc3 d5 29. Na4 Rc7 30. Kb2 Nc5 31. Nxc5 Rxc5 32. Rd3 Rc7 33. Rc3
Ra7 34. Rc6 Kf7 35. b4 Ke7 36. Kb3 Kd7 37. Rb6 Ke7 38. c3 h5 39. Rb8 Kf6 40.
Rf8+ Kg7 41. Rc8 h4 42. Re8 Kf6 43. Rh8 Rg7 44. Rh6+ Ke7 45. Rxh4 Rxg2 46. Rh7+
Kf6 47. Ra7 Rxh2 48. Rxa6 Rf2 49. b5 Rxf4 50. b6 Rf1 51. Ra2 Rb1+ 52. Rb2 Rg1
53. b7 Rg8 54. Kb4 Rb8 55. Kc5 f4 56. Kd6 Kf5 57. Kc7 Rxb7+ 58. Rxb7 Ke4 59.
Kd6 Kd3 60. Ke5 f3 61. Rf7 Kxc3 62. Rxf3+ Kc4 63. Rf6 1-0

[Event "Tournament: Southend SCCU ch."]
[Site "?"]
[Date "1977.04.10"]
[Round "?"]
[White "Stebbings, A."]
[Black "Downham, A."]
[Result "1-0"]
[WhiteElo "2160"]
[BlackElo "2032"]
[PlyCount "81"]
[EventDate "1977.??.??"]

1. e4 c5 2. Nf3 d6 3. d4 cxd4 4. Nxd4 Nf6 5. Nc3 a6 6. Be3 e6 7. f4 Qc7 8. Bd3
b5 9. Qf3 Bb7 10. O-O Nbd7 11. a3 Nc5 12. Rae1 Be7 13. Bf2 d5 14. e5 Nfe4 15.
Bxe4 Nxe4 16. Nxe4 dxe4 17. Qg3 g6 18. c3 Bd5 19. Rd1 h5 20. h3 h4 21. Qg4 Bc4
22. Rfe1 Bd5 23. Nc2 Rd8 24. Bd4 Bb3 25. Qe2 Bc5 26. Bxc5 Qxc5+ 27. Kh1 Rxd1
28. Rxd1 O-O 29. Rd4 Bd5 30. Ne3 Bc6 31. Qe1 f6 32. exf6 Rxf6 33. Qxh4 Qf8 34.
Qg5 Kh7 35. g3 Qe7 36. Ng4 e3+ 37. Kg1 Rf7 38. Qxe7 Rxe7 39. Kf1 g5 40. fxg5
Rf7+ 41. Rf4 1-0

[Event "Tournament: Southend SCCU ch."]
[Site "?"]
[Date "1977.04.11"]
[Round "?"]
[White "Stebbings, A."]
[Black "Hanreck, A."]
[Result "1/2-1/2"]
[WhiteElo "2160"]
[BlackElo "2184"]
[PlyCount "43"]
[EventDate "1977.??.??"]

1. e4 c5 2. Ne2 a6 3. Nbc3 d6 4. d4 cxd4 5. Nxd4 Nf6 6. Be3 e6 7. f4 Qc7 8. Bd3
Nbd7 9. O-O b5 10. a3 Bb7 11. Qf3 Nc5 12. Rae1 Be7 13. Bf2 d5 14. e5 Nfe4 15.
Bxe4 Nxe4 16. Nxe4 dxe4 17. Qg3 g6 18. c3 Bd5 19. Be3 Bc4 20. Rf2 Rc8 21. Nc2
O-O 22. Bd4 1/2-1/2

[Event "Essex league"]
[Site "?"]
[Date "1977.04.20"]
[Round "?"]
[White "Stebbings, A."]
[Black "Smith, IB."]
[Result "1/2-1/2"]
[WhiteElo "2160"]
[BlackElo "2144"]
[PlyCount "73"]
[EventDate "1977.??.??"]

1. d4 Nf6 2. c4 g6 3. Nc3 Bg7 4. e4 d6 5. f3 O-O 6. Be3 e5 7. Nge2 c6 8. Qd2
Nbd7 9. O-O-O a6 10. Kb1 b5 11. Nc1 Bb7 12. d5 cxd5 13. Nxd5 Nxd5 14. cxd5 Nc5
15. b4 Na4 16. Nb3 Rc8 17. Ka1 Rc3 18. Be2 Qc7 19. Rc1 Rc8 20. Rhe1 f5 21. Na5
Rxc1+ 22. Rxc1 Qxc1+ 23. Qxc1 Rxc1+ 24. Bxc1 Bxd5 25. Bxb5 axb5 26. exd5 e4+
27. Kb1 exf3 28. gxf3 Nc3+ 29. Kc2 Nxd5 30. Kb3 Be5 31. h3 Nf4 32. Bxf4 Bxf4
33. Nc6 Be3 34. Ne7+ Kf7 35. Nd5 Bf2 36. Nc7 g5 37. Nxb5 1/2-1/2

[Event "Essex league"]
[Site "?"]
[Date "1977.05.16"]
[Round "?"]
[White "Yates, G."]
[Black "Stebbings, A."]
[Result "0-1"]
[WhiteElo "1960"]
[BlackElo "2168"]
[PlyCount "112"]
[EventDate "1977.??.??"]

1. c4 Nf6 2. Nc3 d5 3. cxd5 Nxd5 4. g3 c5 5. Bg2 Nc7 6. Nf3 Nc6 7. O-O e5 8. d3
Be7 9. Be3 O-O 10. Rc1 Rb8 11. b3 f6 12. Na4 b6 13. Bd2 Bb7 14. Nh4 f5 15. Nf3
Kh8 16. Nc3 Bf6 17. Ne1 Qd6 18. Nc2 Ba8 19. Bf3 Nd4 20. Nxd4 exd4 21. Na4 Bxf3
22. exf3 Rfe8 23. Re1 Rxe1+ 24. Qxe1 Re8 25. Qf1 Nd5 26. Re1 Rxe1 27. Qxe1 Qe7
28. Kf1 Qxe1+ 29. Kxe1 Kg8 30. Ke2 Kf7 31. Kd1 f4 32. g4 Ke6 33. Kc2 Be7 34.
Nb2 b5 35. a4 a6 36. axb5 axb5 37. Nd1 Bd8 38. Nb2 g5 39. Nd1 Ne7 40. Nb2 Nc6
41. Kd1 Ba5 42. Bxa5 Nxa5 43. Kc2 Nc6 44. Kd2 Ne5 45. Ke2 Kd5 46. h3 Kc6 47.
Nd1 Kb6 48. Kd2 Ka5 49. Kc2 Kb4 50. Nb2 Nc6 51. Nd1 Na5 52. Nb2 Nxb3 53. Nd1
Na5 54. Nb2 Nc6 55. Kd2 Ne5 56. Ke2 Kc3 0-1

[Event "Tournament: Chelmsford Open"]
[Site "?"]
[Date "1977.09.30"]
[Round "?"]
[White "Stebbings, A."]
[Black "Lewis, A."]
[Result "1-0"]
[WhiteElo "2168"]
[BlackElo "1936"]
[PlyCount "67"]
[EventDate "1977.??.??"]

1. d4 Nf6 2. c4 g6 3. Nc3 Bg7 4. e4 d6 5. f3 O-O 6. Be3 Nc6 7. Nge2 Rb8 8. Nc1
e5 9. Nb3 exd4 10. Nxd4 Nh5 11. Qd2 Nxd4 12. Bxd4 Bxd4 13. Qxd4 Qh4+ 14. g3 Qg5
15. Qxa7 Bd7 16. f4 Qe7 17. Bg2 Bc6 18. Qd4 g5 19. fxg5 Qxg5 20. O-O Rbe8 21.
Rf5 Qg6 22. Raf1 Re6 23. Nd5 Bxd5 24. exd5 Re2 25. Qh4 Ng7 26. Rg5 Qc2 27. Bf3
Qxb2 28. Bxe2 Qxe2 29. Qd4 f6 30. Rxf6 Qe7 31. Rxf8+ Kxf8 32. Rg4 Qe1+ 33. Kg2
Qe2+ 34. Qf2+ 1-0

[Event "Tournament: Chelmsford Open"]
[Site "?"]
[Date "1977.10.01"]
[Round "?"]
[White "Middleton, R."]
[Black "Stebbings, A."]
[Result "0-1"]
[WhiteElo "1688"]
[BlackElo "2168"]
[PlyCount "60"]
[EventDate "1977.??.??"]

1. e4 c5 2. Nf3 e6 3. Nc3 a6 4. d4 cxd4 5. Nxd4 Nc6 6. Nf3 Qc7 7. Bd3 Be7 8.
O-O Nf6 9. h3 b5 10. a3 O-O 11. Re1 d6 12. Bf4 Nd7 13. Qe2 Bb7 14. Rad1 Nde5
15. Bxb5 axb5 16. Nxb5 Qb8 17. Nxe5 Nxe5 18. Bxe5 dxe5 19. Rd7 Bc5 20. c4 Bc6
21. Rd2 f5 22. exf5 Rxf5 23. Rf1 Qb7 24. b4 Rg5 25. Rd5 exd5 26. bxc5 dxc4 27.
Qxc4+ Bd5 28. c6 Qxc6 29. Qxc6 Bxc6 30. Nc7 Rxg2+ 0-1

[Event "Tournament: Chelmsford Open"]
[Site "?"]
[Date "1977.10.01"]
[Round "?"]
[White "Stebbings, A."]
[Black "Franklin, M."]
[Result "0-1"]
[WhiteElo "2168"]
[BlackElo "2288"]
[PlyCount "70"]
[EventDate "1977.??.??"]

1. e4 c5 2. Ne2 Nf6 3. Nbc3 a6 4. d4 cxd4 5. Nxd4 e5 6. Nf3 Bb4 7. Bd2 d6 8.
Bd3 O-O 9. Qe2 Nbd7 10. O-O Re8 11. Nb1 Bc5 12. c4 Nf8 13. h3 Ne6 14. Be3 Nh5
15. Kh2 Nef4 16. Qd2 Qf6 17. Ng1 Nxd3 18. Qxd3 Nf4 19. Qd2 Qg6 20. g3 Nxh3 21.
Nxh3 Qh5 22. Rh1 Qxh3+ 23. Kg1 Qg4 24. Nc3 Be6 25. b3 Qf3 26. Re1 Bb4 27. Rh4
b5 28. cxb5 axb5 29. Rc1 Rec8 30. Qd3 Bxc3 31. Rxc3 Rxc3 32. Qxc3 Rxa2 33. Qc7
h5 34. Qd8+ Kh7 35. Qg5 Bg4 0-1

[Event "Tournament: Chelmsford Open"]
[Site "?"]
[Date "1977.10.01"]
[Round "?"]
[White "Stebbings, A."]
[Black "Hillyard, G."]
[Result "0-1"]
[WhiteElo "2168"]
[BlackElo "2168"]
[PlyCount "70"]
[EventDate "1977.??.??"]

1. e4 c6 2. d4 d5 3. exd5 cxd5 4. c4 Nf6 5. Nc3 e6 6. Nf3 Be7 7. cxd5 Nxd5 8.
Bd3 Nc6 9. O-O O-O 10. Re1 b6 11. a3 Bb7 12. Bc2 Nxc3 13. bxc3 Rc8 14. Qd3 g6
15. Bh6 Re8 16. Ba4 Bf6 17. Rad1 Re7 18. Ng5 Na5 19. Qh3 Rec7 20. Nxe6 fxe6 21.
Qxe6+ Rf7 22. Be8 Qe7 23. Bxf7+ Qxf7 24. d5 Rd8 25. d6 Qxe6 26. Rxe6 Kf7 27.
Rde1 Bc8 28. R6e2 Rxd6 29. Re8 Rd8 30. Rxd8 Bxd8 31. Bf4 Be7 32. Bc1 Nb3 33.
Bb2 Nc5 34. Re3 Be6 35. f4 Na4 0-1

[Event "Tournament: Chelmsford Open"]
[Site "?"]
[Date "1977.10.02"]
[Round "?"]
[White "Stebbings, A."]
[Black "Gatheral, G."]
[Result "1-0"]
[WhiteElo "2168"]
[BlackElo "1864"]
[PlyCount "97"]
[EventDate "1977.??.??"]

1. e4 c5 2. Nf3 d6 3. d4 cxd4 4. Nxd4 Nf6 5. Nc3 g6 6. Be2 Bg7 7. Be3 Nc6 8.
Nb3 O-O 9. f4 Bd7 10. g4 a5 11. a4 Nb4 12. g5 Ne8 13. Qd2 Qc7 14. h4 Rc8 15.
Bd4 Bxd4 16. Nxd4 e5 17. Ndb5 Bxb5 18. Bxb5 exf4 19. O-O-O Ng7 20. Rh2 Ne6 21.
Qxd6 Rfd8 22. Qxc7 Rxd1+ 23. Kxd1 Rxc7 24. Nd5 Nxd5 25. exd5 Nd4 26. d6 Rc8 27.
Rd2 Nxb5 28. axb5 Kf8 29. Ke2 Rd8 30. Kf3 Ke8 31. Kxf4 Kd7 32. Re2 Rc8 33. Re7+
Kxd6 34. Rxf7 Rxc2 35. Rxh7 Rxb2 36. Rxb7 Rb4+ 37. Kg3 Kc5 38. Rg7 a4 39. Rxg6
Kxb5 40. Rd6 a3 41. Rd1 a2 42. Ra1 Rb3+ 43. Kf4 Rb4+ 44. Kf5 Rxh4 45. Rxa2 Rh1
46. Rc2 Rf1+ 47. Ke6 Rg1 48. Kf6 Rf1+ 49. Kg7 1-0

[Event "Essex league"]
[Site "?"]
[Date "1977.10.03"]
[Round "?"]
[White "Martin, A."]
[Black "Stebbings, A."]
[Result "1/2-1/2"]
[WhiteElo "2176"]
[BlackElo "2168"]
[PlyCount "25"]
[EventDate "1977.??.??"]

1. c4 Nf6 2. Nc3 d5 3. cxd5 Nxd5 4. g3 c5 5. Bg2 Nc7 6. Nf3 Nc6 7. a3 f6 8. Rb1
e5 9. O-O Be6 10. d3 Qd7 11. Bd2 Be7 12. Ne4 Nd5 13. Qc2 1/2-1/2

[Event "County match"]
[Site "?"]
[Date "1977.10.08"]
[Round "?"]
[White "Stebbings, A."]
[Black "Cooper, A."]
[Result "0-1"]
[WhiteElo "2168"]
[BlackElo "2256"]
[PlyCount "63"]
[EventDate "1977.??.??"]

1. e4 c5 2. Nf3 d6 3. d4 cxd4 4. Nxd4 Nf6 5. Nc3 g6 6. Be2 Bg7 7. O-O O-O 8.
Bg5 Nc6 9. Nb3 a6 10. f4 b5 11. Bf3 Be6 12. Nd5 Bxd5 13. exd5 Na5 14. c3 Nc4
15. Qe2 Qb6+ 16. Rf2 Rae8 17. Nd4 Qc5 18. Rd1 Nb6 19. Nb3 Qc7 20. Qd3 Nfd7 21.
Re2 Na4 22. a3 Ndc5 23. Nxc5 Nxc5 24. Qd2 Nb3 25. Qd3 Nc5 26. Qd2 Qa7 27. Kh1
Qc7 28. Rde1 e5 29. dxe6 fxe6 30. Bd5 Qd7 31. Ba2 d5 32. Bb1 0-1

[Event "London league"]
[Site "?"]
[Date "1977.10.11"]
[Round "?"]
[White "Stebbings, A."]
[Black "Davies, K."]
[Result "1-0"]
[WhiteElo "2168"]
[BlackElo "1840"]
[PlyCount "51"]
[EventDate "1977.??.??"]

1. d4 d5 2. c4 dxc4 3. Nf3 Nf6 4. e3 e6 5. Bxc4 c5 6. O-O a6 7. a4 Nc6 8. Qe2
Be7 9. Rd1 Qc7 10. Nc3 O-O 11. h3 Bd7 12. dxc5 Bxc5 13. e4 Ne5 14. Ba2 h6 15.
Bf4 Nxf3+ 16. Qxf3 e5 17. Bxh6 Qb6 18. Bg5 Be6 19. Bxf6 Bxa2 20. Bxg7 Kxg7 21.
Rxa2 Rg8 22. Rd7 Qe6 23. Rxb7 Rad8 24. Nd5 Kf8 25. b4 Bd4 26. Rc2 1-0

[Event "London league"]
[Site "?"]
[Date "1977.10.27"]
[Round "?"]
[White "Stebbings, A."]
[Black "Stanway, G."]
[Result "1/2-1/2"]
[WhiteElo "2168"]
[BlackElo "1960"]
[PlyCount "61"]
[EventDate "1977.??.??"]

1. e4 e5 2. Nf3 Nc6 3. Bb5 a6 4. Ba4 Nf6 5. O-O Be7 6. Re1 b5 7. Bb3 O-O 8. d4
d6 9. c3 Bg4 10. Be3 Na5 11. dxe5 dxe5 12. Qxd8 Raxd8 13. Nxe5 Bd6 14. Nd3 Nxb3
15. axb3 Bxh2+ 16. Kxh2 Rxd3 17. Rxa6 Be6 18. Bc5 Ng4+ 19. Kg1 Rfd8 20. f3 Ne5
21. Bd4 Ng6 22. b4 h6 23. Kf2 Nf4 24. Be5 Bc8 25. Ra8 Ne6 26. Na3 c6 27. Nc2 f6
28. Bg3 Kf7 29. Re2 h5 30. Ne3 g6 31. Ra7+ 1/2-1/2

[Event "National Club ch."]
[Site "?"]
[Date "1977.11.05"]
[Round "?"]
[White "Groom, M."]
[Black "Stebbings, A."]
[Result "1/2-1/2"]
[WhiteElo "2032"]
[BlackElo "2168"]
[PlyCount "54"]
[EventDate "1977.??.??"]

1. d4 Nf6 2. c4 g6 3. Nc3 d5 4. Bf4 Bg7 5. e3 c5 6. dxc5 Qa5 7. Qa4+ Qxa4 8.
Nxa4 Bd7 9. Nc3 dxc4 10. Bxc4 Na6 11. Be5 Nxc5 12. Nf3 O-O 13. O-O Rac8 14.
Rac1 Bf5 15. Rfd1 Nce4 16. Nd5 Nxd5 17. Bxd5 Bxe5 18. Nxe5 Nd6 19. f3 Rxc1 20.
Rxc1 Rc8 21. Rxc8+ Bxc8 22. Kf2 Kf8 23. Ke2 e6 24. Bb3 Ke7 25. Kd3 f6 26. Nc4
Bd7 27. Nxd6 Kxd6 1/2-1/2

[Event "London league"]
[Site "?"]
[Date "1977.11.15"]
[Round "?"]
[White "Stebbings, A."]
[Black "Green, B."]
[Result "1-0"]
[WhiteElo "2168"]
[BlackElo "2152"]
[PlyCount "61"]
[EventDate "1977.??.??"]

1. e4 c5 2. Nf3 Nc6 3. d4 cxd4 4. Nxd4 e6 5. Nc3 Qc7 6. Be3 a6 7. Bd3 b5 8. Nb3
Nf6 9. f4 d6 10. O-O Be7 11. Qf3 Bb7 12. a4 b4 13. Ne2 Na5 14. Nxa5 Qxa5 15. g4
d5 16. e5 Nd7 17. Bd4 Bc5 18. Qe3 g6 19. Rfc1 Rc8 20. Bxc5 Nxc5 21. Nd4 Qd8 22.
a5 O-O 23. g5 Nxd3 24. Qxd3 Rc5 25. Ra4 Rxa5 26. Rxb4 Qc7 27. c3 Rc8 28. Nb3
Ra2 29. Qb1 a5 30. Rd4 a4 31. Nd2 1-0

[Event "Essex league"]
[Site "?"]
[Date "1977.11.18"]
[Round "?"]
[White "Downham, A."]
[Black "Stebbings, A."]
[Result "0-1"]
[WhiteElo "2048"]
[BlackElo "2168"]
[PlyCount "66"]
[EventDate "1977.??.??"]

1. e4 c5 2. Nc3 Nc6 3. g3 g6 4. Bg2 Bg7 5. d3 Rb8 6. f4 d6 7. Nf3 e6 8. O-O
Nge7 9. Ne2 e5 10. c3 O-O 11. Be3 b6 12. d4 exd4 13. cxd4 Ba6 14. Re1 Qc8 15.
a3 Rd8 16. Rc1 Na5 17. Bf2 Qe6 18. d5 Qd7 19. Nc3 Bc4 20. Nd2 Bd3 21. Bf1 Bxf1
22. Kxf1 b5 23. Kg2 b4 24. axb4 Rxb4 25. Rc2 Rdb8 26. Qa1 Nb3 27. Nxb3 Rxb3 28.
Ree2 Qb7 29. h3 f5 30. Nd1 fxe4 31. Rxe4 Nxd5 32. Kg1 Nb4 33. Qa4 Nxc2 0-1

[Event "London league"]
[Site "?"]
[Date "1977.12.07"]
[Round "?"]
[White "Webb, R."]
[Black "Stebbings, A."]
[Result "0-1"]
[WhiteElo "2264"]
[BlackElo "2168"]
[PlyCount "58"]
[EventDate "1977.??.??"]

1. d4 Nf6 2. c4 g6 3. Nc3 d5 4. Nf3 Bg7 5. e3 O-O 6. Qb3 e6 7. Bd2 b6 8. Be2
Bb7 9. O-O Nbd7 10. cxd5 exd5 11. Qa3 a6 12. Rfd1 Re8 13. Rac1 Bh6 14. b4 b5
15. Qb2 Nb6 16. a4 c6 17. Ne5 Bf8 18. a5 Nc4 19. Bxc4 dxc4 20. f3 Nd5 21. e4
Nxb4 22. Ne2 c5 23. dxc5 Bxc5+ 24. Kh1 Rxe5 25. Qxe5 Nd3 26. Bg5 Qxg5 27. Qxg5
Nf2+ 28. Kg1 Nxe4+ 29. Qxc5 Nxc5 0-1

[Event "County match"]
[Site "?"]
[Date "1977.12.10"]
[Round "?"]
[White "Morrey, P."]
[Black "Stebbings, A."]
[Result "0-1"]
[WhiteElo "2112"]
[BlackElo "2168"]
[PlyCount "80"]
[EventDate "1977.??.??"]

1. c4 Nf6 2. Nc3 d5 3. cxd5 Nxd5 4. g3 c5 5. Bg2 Nc7 6. Nf3 Nc6 7. d3 e5 8. O-O
Be7 9. Be3 O-O 10. Rc1 Bd7 11. Ne4 b6 12. Bd2 Kh8 13. Bc3 f5 14. Ned2 Bf6 15.
Nc4 Qe7 16. b3 Rad8 17. e3 Rfe8 18. Qe2 Nd5 19. Bxe5 Bxe5 20. Nfxe5 Nxe5 21.
Bxd5 Nxd3 22. Qxd3 Be6 23. e4 fxe4 24. Qxe4 Bxd5 25. Qxe7 Rxe7 26. Rcd1 Rdd7
27. Ne3 Bf3 28. Rxd7 Rxd7 29. Rc1 Rd2 30. Rc2 Rxc2 31. Nxc2 Kg8 32. Kf1 Kf7 33.
Ke1 Ke6 34. Kd2 Kd5 35. Ne3+ Ke4 36. Nc2 g5 37. Kc3 Be2 38. Ne1 g4 39. Kd2 Bb5
40. Kc3 Bf1 0-1

[Event "Essex league"]
[Site "?"]
[Date "1977.12.12"]
[Round "?"]
[White "Gasper, P."]
[Black "Stebbings, A."]
[Result "1/2-1/2"]
[WhiteElo "2136"]
[BlackElo "2168"]
[PlyCount "33"]
[EventDate "1977.??.??"]

1. Nf3 d5 2. c4 c6 3. cxd5 cxd5 4. d4 Nc6 5. Nc3 Nf6 6. Bf4 Bf5 7. e3 a6 8. Ne5
Rc8 9. Rc1 Nxe5 10. Bxe5 Nd7 11. Bg3 e6 12. Bd3 Bxd3 13. Qxd3 Be7 14. O-O O-O
15. Rc2 Qa5 16. Rfc1 Rc6 17. a3 1/2-1/2

[Event "London league"]
[Site "?"]
[Date "1977.12.15"]
[Round "?"]
[White "Stebbings, A."]
[Black "Cooley, C."]
[Result "1-0"]
[WhiteElo "2168"]
[BlackElo "2184"]
[PlyCount "61"]
[EventDate "1977.??.??"]

1. d4 Nf6 2. c4 g6 3. Nc3 d5 4. Bf4 Bg7 5. Rc1 O-O 6. e3 c6 7. Nf3 Nbd7 8. Bd3
dxc4 9. Bxc4 b5 10. Bb3 Bb7 11. O-O Qb6 12. Qd3 a6 13. Ne4 Rad8 14. Nxf6+ Nxf6
15. Be5 c5 16. dxc5 Qc6 17. Qc2 Ne4 18. Nd4 Rxd4 19. exd4 Bxe5 20. d5 Qxc5 21.
Qxc5 Nxc5 22. Rxc5 Bxb2 23. Rc7 Bc8 24. Rxe7 Bf6 25. Ra7 Bd4 26. Ra8 Bb7 27.
Rxf8+ Kxf8 28. Rd1 Bb6 29. d6 f6 30. Be6 Ke8 31. Re1 1-0

[Event "Essex league"]
[Site "?"]
[Date "1978.01.05"]
[Round "?"]
[White "Rumsey, V."]
[Black "Stebbings, A."]
[Result "0-1"]
[WhiteElo "1936"]
[BlackElo "2168"]
[PlyCount "66"]
[EventDate "1978.??.??"]

1. e4 c5 2. Nf3 e6 3. d4 cxd4 4. Nxd4 Nc6 5. Nb5 d6 6. c4 Nf6 7. N1c3 a6 8. Na3
Be7 9. Be2 O-O 10. O-O b6 11. Be3 Bb7 12. f3 Re8 13. Nc2 Qc7 14. Qe1 Ne5 15.
Rc1 Nxc4 16. Bxc4 Qxc4 17. b3 Qc7 18. Na4 Nd7 19. Nd4 Qb8 20. Nc6 Bxc6 21. Rxc6
b5 22. Nb6 Qb7 23. Qc3 Nc5 24. Rxc5 dxc5 25. Nxa8 Rc8 26. Rd1 Qxa8 27. Rd7 Bf8
28. Qd2 Qc6 29. Bf4 c4 30. bxc4 bxc4 31. Kh1 c3 32. Qd3 c2 33. Bc1 Rb8 0-1

[Event "Essex league"]
[Site "?"]
[Date "1978.01.09"]
[Round "?"]
[White "Stebbings, A."]
[Black "Hillyard, G."]
[Result "0-1"]
[WhiteElo "2168"]
[BlackElo "2168"]
[PlyCount "68"]
[EventDate "1978.??.??"]

1. d4 d5 2. c4 dxc4 3. e4 e5 4. Nf3 exd4 5. Bxc4 Nc6 6. O-O Be6 7. Bxe6 fxe6 8.
Qb3 Qd7 9. Qxb7 Rb8 10. Qa6 Nf6 11. Nbd2 Be7 12. a3 O-O 13. b4 Ng4 14. Bb2 Bf6
15. Rac1 Rb6 16. Qa4 Rd8 17. Rc5 Be7 18. Rc4 Nge5 19. Nxe5 Nxe5 20. Qxd7 Rxd7
21. Rxd4 c5 22. Rxd7 Nxd7 23. Nc4 Rb7 24. bxc5 Nxc5 25. f3 Nd3 26. Bd4 Rc7 27.
Rd1 Rxc4 28. Bxa7 Bc5+ 29. Bxc5 Nxc5 30. Kf2 Rc3 31. Rd8+ Kf7 32. Ra8 Rc2+ 33.
Kf1 Rc4 34. Rc8 Nb3 0-1

[Event "County match"]
[Site "?"]
[Date "1978.01.14"]
[Round "?"]
[White "Stebbings, A."]
[Black "DeCoverly, R."]
[Result "1-0"]
[WhiteElo "2168"]
[BlackElo "1976"]
[PlyCount "55"]
[EventDate "1978.??.??"]

1. d4 Nf6 2. c4 g6 3. Nc3 Bg7 4. e4 d6 5. f3 O-O 6. Be3 e5 7. Nge2 c6 8. Qd2
Nbd7 9. O-O-O exd4 10. Nxd4 Ne8 11. Kb1 Qe7 12. g4 Ne5 13. Be2 f6 14. h3 Nc7
15. f4 Nf7 16. Bf3 Bd7 17. h4 Rae8 18. h5 d5 19. hxg6 hxg6 20. cxd5 Nxd5 21.
Nxd5 cxd5 22. Qh2 Nh8 23. Qh7+ Kf7 24. e5 Rd8 25. Bxd5+ Ke8 26. e6 Bc8 27. Nc6
bxc6 28. Bxc6+ 1-0